[Event "Kent Oliver mem"]
[Site "Winnipeg CAN"]
[Date "2003.01.??"]
[Round "2.5"]
[White "Anderson, George"]
[Black "Katona, John"]
[Result "1/2-1/2"]
[WhiteElo "1437"]
[BlackElo "1787"]
[PlyCount "111"]
[EventDate "2003.01.18"]
[EventType "swiss"]
[EventRounds "5"]
[EventCountry "CAN"]
[Source "ChessBase"]
[SourceDate "2003.11.25"]

1. e4 c5 2. Nf3 d6 3. c3 Nc6 4. Bc4 e6 5. d3 Nf6 6. Bg5 Be7 7. Bf4 d5 8. exd5
Nxd5 9. Be5 Bf6 10. Bxd5 exd5 11. Bxf6 Qxf6 12. Qe2+ Be6 13. O-O O-O 14. Nbd2
Rfe8 15. Qe3 b6 16. Qg5 Qxg5 17. Nxg5 Bf5 18. d4 cxd4 19. cxd4 Nxd4 20. Ndf3
Ne2+ 21. Kh1 d4 22. Nd2 Rac8 23. f3 Rc2 24. Nge4 Bxe4 25. Nxe4 Rec8 26. b3 d3
27. Rfd1 Rc1 28. Raxc1 Rxc1 29. Rxc1 Nxc1 30. Kg1 Nxa2 31. Kf2 f6 32. Ke3 Nb4
33. Nd6 Kf8 34. Nc8 Ke8 35. Nxa7 Kd7 36. Nb5 Kc6 37. Nc3 f5 38. Kd4 d2 39. Nd1
Nd5 40. g4 fxg4 41. fxg4 Nf6 42. h3 Nd5 43. h4 h6 44. g5 hxg5 45. hxg5 b5 46.
Kd3 Nf4+ 47. Kxd2 Ne6 48. Kc3 Nxg5 49. Kb4 Ne4 50. Ne3 Nf6 51. Nf5 g5 52. Nd4+
Kb6 53. Nxb5 Nd5+ 54. Kc4 g4 55. Nd4 Nf4 56. Nf5 1/2-1/2

[Event "Kent Oliver mem"]
[Site "Winnipeg CAN"]
[Date "2003.01.??"]
[Round "2.6"]
[White "Kaptsan, Aron"]
[Black "Pottinger, Carl"]
[Result "1-0"]
[WhiteElo "2049"]
[BlackElo "1545"]
[PlyCount "123"]
[EventDate "2003.01.18"]
[EventType "swiss"]
[EventRounds "5"]
[EventCountry "CAN"]
[Source "ChessBase"]
[SourceDate "2003.11.25"]

1. d4 Nf6 2. Nf3 d5 3. Nc3 c6 4. e3 Bf5 5. Ne5 Nbd7 6. f4 Nxe5 7. fxe5 Ne4 8.
Bd3 Nxc3 9. bxc3 Bxd3 10. Qxd3 e6 11. O-O Be7 12. Bd2 O-O 13. Rf3 f5 14. exf6
Rxf6 15. Rh3 g6 16. e4 Qf8 17. Bg5 Rf7 18. Bh6 Qe8 19. Re1 Qd7 20. e5 b5 21.
Rf3 Bf8 22. Bg5 Be7 23. Rg3 Bxg5 24. Rxg5 Kg7 25. h4 Raf8 26. Re3 Rf5 27. Reg3
Rxg5 28. Rxg5 Rf5 29. Rxf5 gxf5 30. Qg3+ Kf8 31. Qg5 Qe7 32. Qh6+ Kg8 33. Kf2
Kh8 34. Kf3 Qf7 35. Kf4 Kg8 36. Qf6 Qxf6 37. exf6 Kf7 38. Ke5 h5 39. Kd6 Kxf6
40. Kxc6 f4 41. Kxb5 Kf5 42. Kc5 Kg4 43. Kd6 Kg3 44. Ke5 f3 45. gxf3 Kxh4 46.
Kxe6 Kg3 47. c4 dxc4 48. d5 h4 49. d6 h3 50. d7 h2 51. d8=Q h1=Q 52. Qc7+ Kf2
53. Qxa7+ Ke2 54. Qd4 Qh6+ 55. Kd5 Kxf3 56. Kxc4 Qa6+ 57. Kb3 Qb7+ 58. Qb4 Qd5+
59. c4 Qd1+ 60. Ka3 Qc1+ 61. Ka4 Qd1+ 62. Qb3+ 1-0

[Event "Kent Oliver mem"]
[Site "Winnipeg CAN"]
[Date "2003.01.??"]
[Round "2.8"]
[White "Tang, Edward"]
[Black "Reimer, Bruce"]
[Result "1/2-1/2"]
[WhiteElo "1903"]
[BlackElo "1340"]
[PlyCount "45"]
[EventDate "2003.01.18"]
[EventType "swiss"]
[EventRounds "5"]
[EventCountry "CAN"]

1. e4 d6 2. d4 Nf6 3. Nc3 g6 4. Be3 Bg7 5. Qd2 O-O 6. f3 e5 7. Nge2 exd4 8.
Nxd4 Nc6 9. O-O-O Nxd4 10. Bxd4 a6 11. g4 b5 12. h4 h5 13. gxh5 Nxh5 14. Bxg7
Kxg7 15. Be2 Rh8 16. Rdg1 Be6 17. a3 Qf6 18. Qg5 Qxg5+ 19. hxg5 Nf4 20. Bf1
Rxh1 21. Rxh1 Rh8 22. Rxh8 Kxh8 23. Kd2 1/2-1/2

[Event "Kent Oliver mem"]
[Site "Winnipeg CAN"]
[Date "2003.01.??"]
[Round "2.9"]
[White "Hogeveen Rutter, Alexander"]
[Black "Wasney, Mark"]
[Result "1-0"]
[WhiteElo "1509"]
[BlackElo "1733"]
[PlyCount "87"]
[EventDate "2003.01.18"]
[EventType "swiss"]
[EventRounds "5"]
[EventCountry "CAN"]
[Source "ChessBase"]
[SourceDate "2003.11.25"]

1. e4 c5 2. Nf3 d6 3. Nc3 Nf6 4. Bc4 Bg4 5. h3 Bh5 6. d3 e6 7. a3 Nc6 8. Be3 d5
9. g4 Bg6 10. g5 Nh5 11. exd5 exd5 12. Bxd5 Qd7 13. Bxc6 Qxc6 14. Qe2 O-O-O 15.
O-O-O Bd6 16. Nh4 Rhe8 17. Nxg6 hxg6 18. Qg4+ Kb8 19. Ne4 Be7 20. h4 b5 21. Qg1
b4 22. axb4 cxb4 23. f3 a5 24. Kd2 Rd5 25. Ra1 Red8 26. Bb6 b3 27. Nc3 R8d7 28.
Rxa5 bxc2 29. Nxd5 Rxd5 30. Rxd5 Bb4+ 31. Kc1 Qxd5 32. Qh2+ Bd6 33. Qxc2 Qxf3
34. Re1 Kb7 35. Be3 Qg3 36. Bf2 Qf4+ 37. Kb1 Qb4 38. Re4 Qa5 39. Qb3+ Kc7 40.
Be1 Qa6 41. Qxf7+ Kb6 42. Bf2+ Kc6 43. Rc4+ Kb5 44. Qd5+ 1-0

[Event "Kent Oliver mem"]
[Site "Winnipeg CAN"]
[Date "2003.01.??"]
[Round "2.10"]
[White "Tetrault, Charles"]
[Black "Trueman, Francis"]
[Result "1-0"]
[WhiteElo "1585"]
[BlackElo "1501"]
[PlyCount "31"]
[EventDate "2003.01.18"]
[EventType "swiss"]
[EventRounds "5"]
[EventCountry "CAN"]
[Source "ChessBase"]
[SourceDate "2003.11.25"]

1. e4 d6 2. d4 Nf6 3. Nc3 g6 4. Be3 Bg7 5. Nf3 O-O 6. Qd2 Nbd7 7. Bd3 e5 8.
O-O-O exd4 9. Bxd4 c6 10. e5 dxe5 11. Nxe5 Nxe5 12. Bxe5 a5 13. h4 b5 14. h5
Be6 15. hxg6 fxg6 16. Qe2 1-0

[Event "Kent Oliver mem"]
[Site "Winnipeg CAN"]
[Date "2003.01.??"]
[Round "2.13"]
[White "Gibbons, Lorne"]
[Black "Bays, Derek"]
[Result "0-1"]
[WhiteElo "1284"]
[BlackElo "1521"]
[PlyCount "26"]
[EventDate "2003.01.18"]
[EventType "swiss"]
[EventRounds "5"]
[EventCountry "CAN"]
[Source "ChessBase"]
[SourceDate "2003.11.25"]

1. d4 Nf6 2. c4 e6 3. Nc3 Bb4 4. Qb3 c5 5. dxc5 Bxc5 6. h3 d5 7. cxd5 Nxd5 8.
Nxd5 exd5 9. Bf4 O-O 10. e3 Qa5+ 11. Ke2 Nc6 12. Nf3 Re8 13. Qxd5 Be6 0-1

[Event "Kent Oliver mem"]
[Site "Winnipeg CAN"]
[Date "2003.01.??"]
[Round "3.1"]
[White "Khedkar, Jay"]
[Black "Nikouline, Alexandre"]
[Result "0-1"]
[WhiteElo "1898"]
[BlackElo "2050"]
[PlyCount "58"]
[EventDate "2003.01.18"]
[EventType "swiss"]
[EventRounds "5"]
[EventCountry "CAN"]
[Source "ChessBase"]
[SourceDate "2003.11.25"]

1. e4 e5 2. f4 exf4 3. Nf3 g5 4. h4 g4 5. Ne5 d5 6. d4 Be6 7. Bxf4 dxe4 8. Nxg4
Nc6 9. c3 Qd7 10. Ne3 O-O-O 11. Nd2 Nf6 12. Bb5 Nd5 13. Nxd5 Qxd5 14. Qe2 Rg8
15. Bc4 Qf5 16. Bxe6+ Qxe6 17. O-O f5 18. Nf3 h6 19. b4 Bd6 20. Nd2 Bxf4 21.
Rxf4 Qd6 22. Raf1 Rg3 23. Nc4 Qf6 24. Rxe4 Rxc3 25. Ne3 Nxd4 26. Qh5 Qb6 27.
Re8 Ne6 28. Rxd8+ Kxd8 29. Rd1+ Ke7 0-1

[Event "Kent Oliver mem"]
[Site "Winnipeg CAN"]
[Date "2003.01.??"]
[Round "3.2"]
[White "Katona, John"]
[Black "Kaptsan, Aron"]
[Result "0-1"]
[WhiteElo "1787"]
[BlackElo "2049"]
[PlyCount "57"]
[EventDate "2003.01.18"]
[EventType "swiss"]
[EventRounds "5"]
[EventCountry "CAN"]
[Source "ChessBase"]
[SourceDate "2003.11.25"]

1. e4 g6 2. d4 Bg7 3. Nc3 c6 4. Nf3 d5 5. h3 dxe4 6. Nxe4 Nd7 7. Bd3 Ngf6 8.
Nxf6+ Nxf6 9. c3 O-O 10. Bg5 Qb6 11. Qd2 Be6 12. Bh6 Bd5 13. Bxg7 Kxg7 14. Ne5
Rad8 15. Ng4 Ng8 16. O-O Be6 17. Ne5 c5 18. Nf3 Bd5 19. dxc5 Qxc5 20. Qg5 Qb6
21. Nd4 f6 22. Qg4 Qxb2 23. Rfe1 Qxc3 24. Bxg6 hxg6 25. Nf5+ Kf7 26. Rac1 Qd2
27. Qh4 gxf5 28. Qh5+ Kg7 29. Qxf5 0-1

[Event "Kent Oliver mem"]
[Site "Winnipeg CAN"]
[Date "2003.01.??"]
[Round "3.3"]
[White "Proulx, Roy"]
[Black "Vincent, Trevor"]
[Result "1/2-1/2"]
[WhiteElo "1753"]
[BlackElo "1937"]
[PlyCount "43"]
[EventDate "2003.01.18"]
[EventType "swiss"]
[EventRounds "5"]
[EventCountry "CAN"]
[Source "ChessBase"]
[SourceDate "2003.11.25"]

1. e4 c5 2. Nf3 Nc6 3. d4 cxd4 4. Nxd4 g6 5. Nc3 Bg7 6. Be3 Nf6 7. Bc4 Qa5 8.
O-O O-O 9. Bb3 d6 10. h3 Bd7 11. f4 Rac8 12. Qf3 Nxd4 13. Bxd4 Bc6 14. Rad1 Nd7
15. Bxg7 Kxg7 16. Nd5 Bxd5 17. Rxd5 Qb6+ 18. Kh1 Nf6 19. Rd3 Rc5 20. g4 a5 21.
g5 Nd7 22. e5 1/2-1/2

[Event "Kent Oliver mem"]
[Site "Winnipeg CAN"]
[Date "2003.01.??"]
[Round "3.4"]
[White "Lauritson, Jim"]
[Black "Hemphill, Jim"]
[Result "1-0"]
[WhiteElo "1924"]
[BlackElo "1661"]
[PlyCount "104"]
[EventDate "2003.01.18"]
[EventType "swiss"]
[EventRounds "5"]
[EventCountry "CAN"]
[Source "ChessBase"]
[SourceDate "2003.11.25"]

1. e4 d5 2. exd5 Qxd5 3. Nc3 Qa5 4. d4 Nf6 5. Nf3 c6 6. Bd2 Bf5 7. Bc4 e6 8.
Nd5 Qd8 9. Nxf6+ Qxf6 10. O-O Bd6 11. Re1 O-O 12. Bb3 h6 13. c4 Rd8 14. Ba5 Rc8
15. d5 exd5 16. cxd5 Bf8 17. Ne5 Nd7 18. Nxf7 Nc5 19. dxc6 Nxb3 20. Qxb3 bxc6
21. Nd6+ Kh7 22. Nxc8 Rxc8 23. Qf3 Bd6 24. Rad1 Rf8 25. Bc3 Qg6 26. Qe3 Bc2 27.
Rd2 Bf4 28. Qe6 Qxe6 29. Rxe6 Bxd2 30. Bxd2 Rd8 31. Be1 Rd1 32. f3 Bb1 33. Kf2
Bxa2 34. Rxc6 Rd7 35. Bc3 Bb3 36. Ke3 Rb7 37. Bd4 Bd5 38. Ra6 Re7+ 39. Kd2 Rc7
40. Rxa7 Rxa7 41. Bxa7 Bb3 42. f4 Kg6 43. g4 Kf6 44. Ke3 Ke6 45. Bd4 Bd1 46. h3
h5 47. gxh5 Bxh5 48. b4 Kd7 49. b5 Kc8 50. Ke4 Kb7 51. b6 Bd1 52. Ke5 Bc2 1-0

[Event "Kent Oliver mem"]
[Site "Winnipeg CAN"]
[Date "2003.01.??"]
[Round "3.5"]
[White "Rutter, Blair"]
[Black "Cleto, Sam"]
[Result "0-1"]
[WhiteElo "1697"]
[BlackElo "1834"]
[PlyCount "96"]
[EventDate "2003.01.18"]
[EventType "swiss"]
[EventRounds "5"]
[EventCountry "CAN"]
[Source "ChessBase"]
[SourceDate "2003.11.25"]

1. d4 Nf6 2. c4 e6 3. a3 Be7 4. Nc3 O-O 5. e4 d6 6. h3 e5 7. d5 c6 8. Be2 Nbd7
9. b4 a5 10. Bd2 Qb6 11. Be3 Qd8 12. Nf3 cxd5 13. cxd5 Qc7 14. Nb5 Qd8 15. Nd2
Ne8 16. O-O Bg5 17. f4 exf4 18. Bxf4 Bxf4 19. Rxf4 Ne5 20. Nf3 Nxf3+ 21. Rxf3
Nf6 22. Qd4 axb4 23. Qxb4 Qb6+ 24. Kh2 Ne8 25. Rc1 Bd7 26. Rfc3 Qf2 27. Bf3 Qh4
28. Nxd6 Qf4+ 29. Kh1 Nxd6 30. Re1 Qg3 31. Rce3 Qe5 32. Rb1 Nf5 33. Rd3 Ng3+
34. Kg1 b5 35. d6 Ra4 36. Qe1 Nxe4 37. Re3 f5 38. Rd1 Qc5 39. Kh2 Rxa3 40. Rxa3
Qxa3 41. Qe2 Qc5 42. Qb2 b4 43. Rd4 Qe5+ 44. Kg1 Rb8 45. Qa2+ b3 46. Qa7 Qxd4+
47. Qxd4 b2 48. Bxe4 fxe4 0-1

[Event "Kent Oliver mem"]
[Site "Winnipeg CAN"]
[Date "2003.01.??"]
[Round "3.6"]
[White "Tang, Edward"]
[Black "Anderson, George"]
[Result "1-0"]
[WhiteElo "1903"]
[BlackElo "1437"]
[PlyCount "31"]
[EventDate "2003.01.18"]
[EventType "swiss"]
[EventRounds "5"]
[EventCountry "CAN"]

1. e4 e6 2. d4 d5 3. Nd2 Bd7 4. Bd3 c5 5. dxc5 Bxc5 6. Ngf3 Qb6 7. O-O Ne7 8.
exd5 Nxd5 9. Ne4 Bb5 10. c4 Nc7 11. cxb5 Nxb5 12. Qa4 a6 13. Bxb5+ axb5 14.
Qxa8 O-O 15. Nxc5 Qxc5 16. Qxb7 1-0

[Event "Kent Oliver mem"]
[Site "Winnipeg CAN"]
[Date "2003.01.??"]
[Round "3.8"]
[White "Hogeveen Rutter, Alexander"]
[Black "Tetrault, Charles"]
[Result "1-0"]
[WhiteElo "1509"]
[BlackElo "1585"]
[PlyCount "61"]
[EventDate "2003.01.18"]
[EventType "swiss"]
[EventRounds "5"]
[EventCountry "CAN"]
[Source "ChessBase"]
[SourceDate "2003.11.25"]

1. e4 e5 2. Nf3 Nc6 3. Nc3 Nf6 4. Bb5 d6 5. d3 Bd7 6. a3 Be7 7. O-O O-O 8. h3
a6 9. Ba4 Be6 10. Bxc6 bxc6 11. d4 exd4 12. Nxd4 Bd7 13. Re1 c5 14. Nf3 Bc6 15.
e5 Nd7 16. e6 fxe6 17. Rxe6 Bxf3 18. gxf3 Ne5 19. f4 Qd7 20. Rxe7 Qxe7 21. fxe5
dxe5 22. Be3 Rad8 23. Qg4 Rf6 24. Bg5 Rd4 25. Qg3 Qe6 26. Bxf6 Qxf6 27. Rd1 Rh4
28. Rd7 c6 29. f3 Rh6 30. Ne4 Qe6 31. Qxg7# 1-0

[Event "Kent Oliver mem"]
[Site "Winnipeg CAN"]
[Date "2003.01.??"]
[Round "3.9"]
[White "Reimer, Bruce"]
[Black "Gannon, Keith"]
[Result "0-1"]
[WhiteElo "1340"]
[BlackElo "1561"]
[PlyCount "102"]
[EventDate "2003.01.18"]
[EventType "swiss"]
[EventRounds "5"]
[EventCountry "CAN"]
[Source "ChessBase"]
[SourceDate "2003.11.25"]

1. c4 g6 2. g3 Bg7 3. Bg2 c5 4. Nc3 Nf6 5. e4 Nc6 6. Nge2 O-O 7. O-O d6 8. d3
a6 9. a4 Bd7 10. Be3 Rb8 11. Qd2 Ng4 12. f3 Nxe3 13. Qxe3 Nd4 14. Rab1 Nxe2+
15. Qxe2 Bxc3 16. bxc3 Bxa4 17. Ra1 Bd7 18. Rfb1 Qc7 19. Qd2 e5 20. f4 f6 21.
fxe5 dxe5 22. Rc1 Be6 23. Kh1 Rbd8 24. Qe3 Rd6 25. Bf1 Rfd8 26. Be2 Rb6 27.
Rab1 Rxb1 28. Rxb1 Rd6 29. Qc1 Rb6 30. Qc2 Rxb1+ 31. Qxb1 Qc6 32. Bf3 b6 33.
Kg1 Qc7 34. Kf2 Kg7 35. Bd1 Bd7 36. Kf3 h5 37. h4 Bg4+ 38. Kf2 Bxd1 39. Qxd1
Qd7 40. Kg2 a5 41. Qb1 Qd8 42. Qb5 Qxd3 43. Qxb6 Qxe4+ 44. Kh3 Qg4+ 45. Kh2
Qe2+ 46. Kh3 Qxc4 47. Qxa5 Qd5 48. Qa1 Qd7+ 49. Kh2 e4 50. Qb2 e3 51. Qe2 Qd2
0-1

[Event "Kent Oliver mem"]
[Site "Winnipeg CAN"]
[Date "2003.01.??"]
[Round "3.12"]
[White "Zhang, Guannan"]
[Black "Tetrault, Claude"]
[Result "1-0"]
[WhiteElo "1339"]
[BlackElo "1539"]
[PlyCount "125"]
[EventDate "2003.01.18"]
[EventType "swiss"]
[EventRounds "5"]
[EventCountry "CAN"]
[Source "ChessBase"]
[SourceDate "2003.11.25"]

1. e4 c5 2. d4 cxd4 3. c3 dxc3 4. Nxc3 d6 5. Bb5+ Nc6 6. Nge2 a6 7. Ba4 b5 8.
Bb3 Bb7 9. O-O Nf6 10. Bg5 g6 11. Bxf6 exf6 12. Bd5 Bg7 13. Nd4 Qb6 14. Nxc6
Bxc6 15. a4 O-O 16. axb5 Bxd5 17. Nxd5 Qb7 18. b6 Rac8 19. Qf3 Rc6 20. Rab1
Rfc8 21. b4 Qd7 22. g3 f5 23. exf5 gxf5 24. Rfd1 Qe6 25. Nc7 Qe4 26. Qxe4 fxe4
27. Nd5 Kf8 28. b5 axb5 29. Rxb5 Rb8 30. b7 f5 31. Nf4 Ke7 32. Rdb1 Bd4 33.
Rxf5 Bb6 34. Rh5 Bc7 35. Nd5+ Ke6 36. Nxc7+ Rxc7 37. Rh6+ Kd5 38. Rd1+ Kc6 39.
Rc1+ Kb6 40. Rxd6+ Kxb7 41. Rb1+ Kc8 42. Rxb8+ Kxb8 43. Rd8+ Kb7 44. Re8 Rc4
45. Re7+ Kc6 46. Rxh7 Rc1+ 47. Kg2 Rc2 48. Rh8 Kd5 49. Rf8 Kd4 50. h4 Kd3 51.
Rd8+ Ke2 52. h5 Ke1 53. Re8 Rxf2+ 54. Kh3 Rf3 55. Rxe4+ Kf2 56. Rg4 Re3 57. Rg6
Re8 58. h6 Kf3 59. h7 Rh8 60. Rg7 Ke4 61. Kh4 Kf5 62. Kh5 Kf6 63. Kh6 1-0

[Event "Kent Oliver mem"]
[Site "Winnipeg CAN"]
[Date "2003.01.19"]
[Round "4"]
[White "Bays, Derek"]
[Black "Rutter, Blair"]
[Result "0-1"]
[WhiteElo "1521"]
[BlackElo "1697"]
[PlyCount "100"]
[EventDate "2003.01.18"]
[EventType "swiss"]
[EventRounds "5"]
[EventCountry "CAN"]
[Source "ChessBase"]
[SourceDate "2003.11.25"]

1. c4 e5 2. Nc3 Nc6 3. Nf3 Nf6 4. e4 d6 5. d4 exd4 6. Nxd4 Nxd4 7. Qxd4 Be7 8.
Be2 O-O 9. O-O Bg4 10. b3 Bxe2 11. Nxe2 Nd7 12. Bb2 Bf6 13. Qd2 Re8 14. Ng3 Nc5
15. f3 Re6 16. Rae1 Bxb2 17. Qxb2 Nd3 18. Qc3 Nxe1 19. Rxe1 Qf6 20. Qd2 g6 21.
Qa5 Re7 22. Ne2 Qb2 23. Qg5 Rae8 24. Ng3 Re5 25. Qf6 Qd2 26. Re2 Qc1+ 27. Kf2
R5e6 28. Qd4 a6 29. b4 h5 30. h4 c6 31. a4 Qa3 32. a5 Qc1 33. b5 cxb5 34. cxb5
Qc5 35. Qxc5 dxc5 36. bxa6 Rxa6 37. Rb2 Re7 38. Rb5 Rc7 39. Ke3 f6 40. Kd3 Kf7
41. Kc4 Ke6 42. f4 Rd6 43. Kc3 Rd1 44. Rb6+ Kf7 45. f5 Re1 46. fxg6+ Kxg6 47.
Nf5 Rxe4 48. Nd6 Ree7 49. Kc4 Re6 50. Rxb7 Rc6 0-1

[Event "Kent Oliver mem"]
[Site "Winnipeg CAN"]
[Date "2003.01.19"]
[Round "4"]
[White "Kaptsan, Aron"]
[Black "Cleto, Sam"]
[Result "0-1"]
[WhiteElo "2049"]
[BlackElo "1834"]
[PlyCount "64"]
[EventDate "2003.01.18"]
[EventType "swiss"]
[EventRounds "5"]
[EventCountry "CAN"]
[Source "ChessBase"]
[SourceDate "2003.11.25"]

1. d4 Nf6 2. c4 e6 3. Nc3 Bb4 4. e3 O-O 5. Nf3 b6 6. Be2 Bb7 7. O-O d5 8. a3
Be7 9. b4 Ne4 10. Bb2 Nd7 11. Nd2 f5 12. f3 Ng5 13. Qc2 c6 14. Rad1 Bd6 15. e4
Bf4 16. Qd3 Qf6 17. e5 Qh6 18. g3 Be3+ 19. Kg2 f4 20. g4 Rad8 21. cxd5 exd5 22.
Rde1 c5 23. Nd1 c4 24. Qc2 Rde8 25. Nxc4 dxc4 26. Bxc4+ Kh8 27. d5 Nxe5 28.
Nxe3 fxe3 29. Bxe5 Rxe5 30. f4 Qh3+ 31. Kh1 Rxd5 32. Qg2 Rd2 0-1

[Event "Kent Oliver mem"]
[Site "Winnipeg CAN"]
[Date "2003.01.19"]
[Round "4"]
[White "Nikouline, Alexandre"]
[Black "Lauritson, Jim"]
[Result "1-0"]
[WhiteElo "2050"]
[BlackElo "1924"]
[PlyCount "49"]
[EventDate "2003.01.18"]
[EventType "swiss"]
[EventRounds "5"]
[EventCountry "CAN"]
[Source "ChessBase"]
[SourceDate "2003.11.25"]

1. e4 c5 2. Nf3 e6 3. c3 Nf6 4. e5 Nd5 5. d4 cxd4 6. Qxd4 Nc6 7. Qe4 d6 8. Bd3
Nxe5 9. Nxe5 dxe5 10. Qxe5 Qd6 11. Qe4 Bd7 12. O-O Bc6 13. Qd4 O-O-O 14. Qxa7
Nf4 15. Bb5 Bxb5 16. Qa8+ Kc7 17. Qa5+ Kc6 18. Bxf4 Qxf4 19. c4 Qxc4 20. Nd2
Rxd2 21. Qxd2 Kb6 22. a4 Bc6 23. Qd8+ Ka7 24. Rad1 Qe4 25. Qa5+ 1-0

[Event "Kent Oliver mem"]
[Site "Winnipeg CAN"]
[Date "2003.01.19"]
[Round "4"]
[White "Reimer, Bruce"]
[Black "Wasney, Mark"]
[Result "0-1"]
[WhiteElo "1340"]
[BlackElo "1733"]
[PlyCount "140"]
[EventDate "2003.01.18"]
[EventType "swiss"]
[EventRounds "5"]
[EventCountry "CAN"]
[Source "ChessBase"]
[SourceDate "2003.11.25"]

1. c4 Nf6 2. g3 e5 3. Bg2 c6 4. Nc3 d5 5. cxd5 cxd5 6. e3 Be7 7. Nge2 O-O 8.
O-O d4 9. exd4 exd4 10. Ne4 Nc6 11. d3 h6 12. Nxf6+ Bxf6 13. Nf4 Rb8 14. Re1
Qd6 15. Nd5 Be5 16. Nf4 g5 17. Nh5 Bh8 18. b3 Bf5 19. a4 Nb4 20. Ba3 a5 21. Qf3
Bg6 22. Rad1 Rbc8 23. Rc1 Rc3 24. Bf1 Rxb3 25. Bxb4 Rxb4 26. Ra1 Rc8 27. Red1
Qc6 28. Qe2 Re8 29. Qg4 Qe6 30. Bh3 Qxg4 31. Bxg4 f5 32. Bf3 Kf8 33. g4 Rc8 34.
Ng3 fxg4 35. Bxg4 Rc3 36. Be2 Rbb3 37. Ne4 Rc2 38. Kf1 Rbb2 39. Ng3 Be5 40.
Rab1 Be8 41. Rxb2 Rxb2 42. Ra1 Rb4 43. Bd1 Kf7 44. Bh5+ Kf8 45. Bxe8 Kxe8 46.
h3 Kf7 47. Ne4 Ke6 48. Ke2 Kd7 49. Kd2 Bf4+ 50. Ke2 Kc6 51. Kd1 b5 52. axb5+
Kxb5 53. Kc2 a4 54. Rb1 Rxb1 55. Kxb1 Bc7 56. Ka2 Bd8 57. Ka3 Be7+ 58. Ka2 Kc6
59. Nd2 Kd5 60. Nc4 Bc5 61. Nb2 a3 62. Na4 Bd6 63. Nb6+ Ke5 64. Nc4+ Kd5 65.
Nxd6 Kxd6 66. Kxa3 Ke5 67. Kb3 Kf4 68. Kc4 Ke5 69. Kc5 h5 70. Kc4 h4 0-1

[Event "Kent Oliver mem"]
[Site "Winnipeg CAN"]
[Date "2003.01.19"]
[Round "4"]
[White "Tetrault, Charles"]
[Black "Zhang, Guannan"]
[Result "0-1"]
[WhiteElo "1585"]
[BlackElo "1339"]
[PlyCount "71"]
[EventDate "2003.01.18"]
[EventType "swiss"]
[EventRounds "5"]
[EventCountry "CAN"]
[Source "ChessBase"]
[SourceDate "2003.11.25"]

1. e4 e5 2. Nf3 Bc5 3. Nxe5 Qh4 4. Qe2 Nf6 5. d3 O-O 6. g3 Qh5 7. Qxh5 Nxh5 8.
Be2 Nf6 9. Bg5 d6 10. Bxf6 dxe5 11. Bxe5 Bb6 12. Nd2 Be6 13. f4 f6 14. Bc3 Nc6
15. f5 Bf7 16. Nf3 a5 17. d4 Rfd8 18. d5 Nb4 19. Bxb4 axb4 20. c3 b3 21. Bc4
bxa2 22. Rxa2 Rxa2 23. Bxa2 Ra8 24. Bb3 Ra1+ 25. Bd1 Bh5 26. Ke2 Rb1 27. h3
Rxb2+ 28. Kd3 Be8 29. Nd4 Rg2 30. g4 Rg3+ 31. Kc4 Ba5 32. Ne2 b5+ 33. Kc5 Re3
34. d6 Bb6+ 35. Kd5 c6+ 36. Ke6 0-1

[Event "Kent Oliver mem"]
[Site "Winnipeg CAN"]
[Date "2003.01.19"]
[Round "4"]
[White "Vincent, Trevor"]
[Black "Khedkar, Jay"]
[Result "0-1"]
[WhiteElo "1937"]
[BlackElo "1898"]
[PlyCount "70"]
[EventDate "2003.01.18"]
[EventType "swiss"]
[EventRounds "5"]
[EventCountry "CAN"]
[Source "ChessBase"]
[SourceDate "2003.11.25"]

1. c4 e6 2. g3 d5 3. Bg2 Nf6 4. Nf3 c5 5. O-O Nc6 6. d3 Be7 7. e3 O-O 8. b3 b6
9. Bb2 Bb7 10. Qe2 Qc7 11. Nbd2 Rad8 12. Rac1 Rfe8 13. a3 Qb8 14. Rfd1 Nd7 15.
d4 Bf6 16. Nb1 Na5 17. Qc2 dxc4 18. bxc4 cxd4 19. exd4 Rc8 20. Nbd2 Red8 21.
Bf1 Bd5 22. Qd3 Nc5 23. Qe3 Bxf3 24. Nxf3 Ncb3 25. Rc2 b5 26. c5 Nxc5 27. dxc5
Rxd1 28. Bxf6 gxf6 29. Qc3 Nc4 30. Qxf6 Rxc5 31. Ng5 Rf5 32. Qh6 Qe5 33. Qxh7+
Kf8 34. Qh6+ Ke7 35. Nh3 Qe1 0-1

[Event "Kent Oliver mem"]
[Site "Winnipeg CAN"]
[Date "2003.01.19"]
[Round "5"]
[White "Cleto, Sam"]
[Black "Nikouline, Alexandre"]
[Result "0-1"]
[WhiteElo "1834"]
[BlackElo "2050"]
[PlyCount "68"]
[EventDate "2003.01.18"]
[EventType "swiss"]
[EventRounds "5"]
[EventCountry "CAN"]
[Source "ChessBase"]
[SourceDate "2003.11.25"]

1. e4 e6 2. d4 d5 3. Nc3 Bb4 4. e5 c5 5. a3 cxd4 6. axb4 dxc3 7. bxc3 Ne7 8.
Be3 Qc7 9. Bb5+ Bd7 10. Bxd7+ Nxd7 11. Bd4 Nc6 12. f4 Nxd4 13. Qxd4 O-O 14. Nf3
a6 15. O-O Rac8 16. Ra3 Qb6 17. Rc1 Rc4 18. Qxb6 Nxb6 19. Nd4 Rfc8 20. Ne2 g5
21. g3 Re4 22. Kf2 Nc4 23. Ra2 Kf8 24. h3 Ke7 25. Rd1 Ne3 26. Rd3 gxf4 27. gxf4
Ng2 28. Rd4 Rxd4 29. cxd4 Nh4 30. c3 f6 31. Ra5 fxe5 32. fxe5 Rf8+ 33. Ke1 Ng2+
34. Kd1 Ne3+ 0-1

[Event "Kent Oliver mem"]
[Site "Winnipeg CAN"]
[Date "2003.01.19"]
[Round "5"]
[White "Hemphill, Jim"]
[Black "Vincent, Trevor"]
[Result "0-1"]
[WhiteElo "1661"]
[BlackElo "1937"]
[PlyCount "57"]
[EventDate "2003.01.18"]
[EventType "swiss"]
[EventRounds "5"]
[EventCountry "CAN"]
[Source "ChessBase"]
[SourceDate "2003.11.25"]

1. d4 g6 2. c4 Bg7 3. Nc3 c5 4. d5 d6 5. Nf3 Nf6 6. e4 O-O 7. Be2 e6 8. O-O
exd5 9. cxd5 Bg4 10. Nd2 Bxe2 11. Qxe2 a6 12. a4 Nbd7 13. a5 Re8 14. Nc4 Ne5
15. Nxe5 Rxe5 16. f4 Re8 17. Qf3 Qe7 18. Ra4 Nd7 19. Re1 b5 20. axb6 Nxb6 21.
Ra2 f5 22. e5 dxe5 23. d6 Qxd6 24. Rd1 Qe6 25. Ra5 e4 26. Qe2 Bd4+ 27. Kh1 Qc4
28. Qxc4+ Nxc4 29. Ra2 0-1

[Event "Kent Oliver mem"]
[Site "Winnipeg CAN"]
[Date "2003.01.19"]
[Round "5"]
[White "Hogeveen Rutter, Alexander"]
[Black "Lauritson, Jim"]
[Result "0-1"]
[WhiteElo "1509"]
[BlackElo "1924"]
[PlyCount "50"]
[EventDate "2003.01.18"]
[EventType "swiss"]
[EventRounds "5"]
[EventCountry "CAN"]
[Source "ChessBase"]
[SourceDate "2003.11.25"]

1. e4 c5 2. Nf3 e6 3. Nc3 Nc6 4. d4 cxd4 5. Nxd4 Nf6 6. Nxc6 bxc6 7. Bd3 e5 8.
Bg5 Be7 9. h3 O-O 10. Qf3 Bb7 11. a3 d5 12. exd5 cxd5 13. Qg3 e4 14. Bb5 d4 15.
Bxf6 Bxf6 16. O-O-O Qb6 17. a4 dxc3 18. Rd6 cxb2+ 19. Kb1 Qc7 20. h4 Rac8 21.
c4 e3 22. h5 Be4+ 23. Ka2 b1=Q+ 24. Rxb1 Bxb1+ 25. Kxb1 e2 0-1

[Event "Kent Oliver mem"]
[Site "Winnipeg CAN"]
[Date "2003.01.19"]
[Round "5"]
[White "Katona, John"]
[Black "Shome, Devarshi"]
[Result "0-1"]
[WhiteElo "1787"]
[BlackElo "1565"]
[PlyCount "73"]
[EventDate "2003.01.18"]
[EventType "swiss"]
[EventRounds "5"]
[EventCountry "CAN"]
[Source "ChessBase"]
[SourceDate "2003.11.25"]

1. e4 e6 2. d4 d5 3. Nd2 Nf6 4. e5 Nfd7 5. Bd3 c5 6. c3 Nc6 7. Ne2 Qb6 8. Nf3
Be7 9. O-O O-O 10. Ng5 g6 11. Nf3 f6 12. Nf4 fxe5 13. dxe5 Ndxe5 14. Nxe5 Nxe5
15. Re1 Nxd3 16. Nxd3 c4 17. Be3 Qc7 18. Nb4 Bd6 19. g3 Bd7 20. Bh6 Rf7 21. Qe2
d4 22. Qe4 d3 23. Be3 a5 24. Nxd3 cxd3 25. Qxd3 Bc5 26. Rad1 Bxe3 27. Qxe3 Raf8
28. f4 h5 29. Qd3 Kh7 30. Re5 Kh6 31. Rg5 Qb6+ 32. Kf1 e5 33. Kg2 exf4 34. gxf4
Rxf4 35. Qxd7 Kxg5 36. Rd5+ R8f5 37. Qe7+ 0-1